Normal view
MARC view
- استعمار- تاريخ، عرب- تاريخ- القرن العشرون
Entry Topical Term
001 - CONTROL NUMBER
- control field: 40947
003 - CONTROL NUMBER IDENTIFIER
- control field: JO-AjAnu
005 - DATE AND TIME OF LATEST TRANSACTION
- control field: 20230606080812.0
008 - FIXED-LENGTH DATA ELEMENTS
- fixed length control field: 230606|| aca||aabn | a|a d
040 ## - CATALOGING SOURCE
- Original cataloging agency: JO-AjAnu
- Transcribing agency: JO-AjAnu
150 ## - HEADING--TOPICAL TERM
- Topical term or geographic name entry element: استعمار- تاريخ، عرب- تاريخ- القرن العشرون
670 ## - SOURCE DATA FOUND
- Source citation: Work cat.: (JO-AjAnu)20985: تاليف خالدي، مصطفى، م.مشارك فروخ، عمر, author 40946, التبشير والاستعمار في البلاد العربية: عرض لجهود المبشرين التي ترمي الى إخضاع الشرق للاستعمار الغربي